Comunidades Autónomas de España sin la primera letra - Estadísticas

Estadísticas generales
  • Esta prueba ha sido intentada 155 veces
  • La puntuación promedio es 15 de 17
Respuestas en el mapa
Las respuestas están codificadas por una escala verde-roja en el mapa de la prueba según el % correcto abajo.
 
Estadísticas de respuestas
Comunidad % Correcto
Alicia
98%
Adrid
97%
Ndalucía
97%
Ataluña
96%
Sturias
95%
Xtremadura
94%
Antabria
93%
Urcia
93%
Avarra
90%
Ragón
90%
A Ioja
83%
Astilla- A Ancha
83%
Astilla y Eón
83%
Aís Asco
82%
Omunidad Alenciana
82%
Slas Aleares
80%
Slas Anarias
79%
No se encontraron pruebas coincidentes
Distribución de puntuación
Porcentaje de gente con cada puntuación
Porcentaje por número respondido
Historial de tus puntuaciones
No has intentado esta prueba.